Alphabetically First & Last Quiz Stats

 Plays Quiz Updated Apr 6, 2017

Challenge
Share
Tweet
Embed
Score 0/40 Timer 08:00
0 Plays Today
% Correct
April
96%
Friday
94.9%
Wednesday
93.8%
Blue
93.3%
September
92.5%
Earth
90%
Yellow
89.1%
Venus
86.5%
Eight
86%
Alabama
84.8%
Two
84.4%
West
81.1%
East
81.1%
Do
78.3%
Wyoming
76.9%
Bashful
72.6%
Sneezy
70.6%
Ti
64%
Adams
63.6%
Zimbabwe
61.2%
% Correct
Alberta
47.2%
Wilson
47%
London, England
43.3%
Abraham
40.2%
William IV
38.8%
Zachary
38.5%
Afghanistan
38.2%
Acts
33.8%
Yukon
32.2%
Albany, NY
31.3%
Belfast, Northern Ireland
26.4%
Anne
26.2%
Zirconium
20.2%
Amos
15.4%
Zagreb, Croatia
14.6%
Zephaniah
11.8%
Actinium
11.3%
Titus
11.3%
Trenton, NJ
10.5%
Abu Dhabi, UAE
8.2%

You're not logged in!

Compare scores with friends on all Sporcle quizzes.
Join for Free
OR
Log In

You Might Also Like...

Show Comments

Extras

Top Quizzes Today


Score Distribution

Your Account Isn't Verified!

In order to create a playlist on Sporcle, you need to verify the email address you used during registration. Go to your Sporcle Settings to finish the process.

Report this User

Report this user for behavior that violates our Community Guidelines.

Details: